00832nam a22002417a 450000500170000001000130001702000110003003500130004103700160005404000120007008200160008210000240009824500610012226000570018327000650024030000210030550000450032665000190037165000260039094200250041699900190044195201300046020170124110201.0 aA-953893 c150.00 aA-953893 bCen Lib/Ret aDPLbEN a954.08bSEB aSebastien, A974268 aDupleix as seen by Anandaranga Pillai /cby A. Sebastien aPudhucheribAnandaranga Pillai Research Centrec1997 a6 (43) Tamil Selvi Street, Kamaraj NagarbPudhucherie605011 a247p. c21cm(Hb) aIncludes bibliographical references  aHistory974269 aHistory--India974270 2ddccENh954.08mSEB c132920d132920 00104070aLbLd2015-07-24eCen Lib/Ret g150.00l0o954.08 SEBpA-953893r2015-07-24 00:00:00t1v150.00w2015-07-24yEN